000 01363nam a2200253Ia 4500
003 Ost
005 20260507075147.0
008 260507s9999||||xx |||||||||||||| ||und||
020 _a90374999579
040 _cfsecg
041 _aara
082 _a330
100 _aحنان، رضوان حلوة
_eمؤلف
245 0 _aمحاسبة الشركات أموال-أشخاص :
_bالتأصيل النظري والتطبيق العملي /
_c رضوان حلوة حنان
260 _aعمان:
_bإثراء للنشر والتوزيع,
_c2009
300 _a328 صفحة؛
_bإيضاحات ؛
_c25 سم
504 _aالمراجع ص.303؛ مصطلحات انجليزية ص.323
520 _aالتعريف بالشركات المساهمة العامة- مصاريف التأسيس في الشركات المساهمة العامة- تمويل الشركة المساهمة العامة- قرض السندات- سياسات توزيع الأرباح في الشركات المساهمة العامة- تكوين شركات الأشخاص- التغير في ملكية الأشخاص- محاسبة تصفية الشركات
653 _aالتأمين - البنوك
653 _aالشركات المساهمة العامة
653 _aمحاسبة الشركات
700 _aالعبادي، هيثم
_eمؤلف ثانوي
942 _cكتاب
999 _c43322
_d43322